书目信息 |
| 题名: |
中国古代宗祠
|
|
| 作者: | 王俊 编著 | |
| 分册: | ||
| 出版信息: | 北京 中国商业出版社 2017 |
|
| 页数: | 222页 | |
| 开本: | 24cm | |
| 丛书名: | ||
| 单 册: | ||
| 中图分类: | K928.75 | |
| 科图分类: | ||
| 主题词: | 祠堂--中国--古代 | |
| 电子资源: | ||
| ISBN: | 978-7-5044-9677-5 | |
| 000 | 00908nam0 2200241 450 | |
| 001 | 012001000748 | |
| 005 | 20140920091302.0 | |
| 010 | @a978-7-5044-9677-5@dCNY45.00 | |
| 100 | @a20171018d2017 em y0chiy50 ea | |
| 101 | 0 | @achi |
| 102 | @aCN@b110000 | |
| 105 | @aa z 000yy | |
| 106 | @ar | |
| 200 | 1 | @a中国古代宗祠@9Zhong Guo Gu Dai Zong Ci@f王俊编著 |
| 210 | @a北京@c中国商业出版社@d2017 | |
| 215 | @a222页@c图@d24cm | |
| 300 | @a中国传统民俗文化 | |
| 330 | @a本书主要围绕传统宗祠的历史演变与现状,介绍了中国乡土建筑中占有重要地位的宗祠的性质、形制、建造、风水,分析宗祠的类型、地域特征、社会活动、管理、社会影响和建筑文化等方面情况,探讨宗祠、宗族、村落的内在关系及其演变,总结宗祠发展变化对古代农村社会发展的影响。 | |
| 606 | 0 | @a祠堂@y中国@z古代 |
| 690 | @aK928.75@v5 | |
| 701 | 0 | @a王俊@9Wang Jun@f(1970-)@4编著 |
| 801 | 0 | @aCN@b上海新华@c20180901 |
| 905 | @b1155330-34@dK928.75@e1072@f5 | |
| 中国古代宗祠/王俊编著.-北京:中国商业出版社,2017 |
| 222页:图;24cm |
| 中国传统民俗文化 |
| ISBN 978-7-5044-9677-5:CNY45.00 |
| 本书主要围绕传统宗祠的历史演变与现状,介绍了中国乡土建筑中占有重要地位的宗祠的性质、形制、建造、风水,分析宗祠的类型、地域特征、社会活动、管理、社会影响和建筑文化等方面情况,探讨宗祠、宗族、村落的内在关系及其演变,总结宗祠发展变化对古代农村社会发展的影响。 |
| ● |
| 相关链接 |
|
|
|
|
正题名:中国古代宗祠
索取号:K928.75/1072
 
预约/预借
| 序号 | 登录号 | 条形码 | 馆藏地/架位号 | 状态 | 备注 |
| 1 | 1117864 | 211178642 | 第二借阅区/ [索取号:K928.75/1072] | 在馆 | |
| 2 | 1117865 | 211178651 | 第二借阅区/ [索取号:K928.75/1072] | 在馆 | |
| 3 | 1117866 | 211178660 | 第二借阅区/ [索取号:K928.75/1072] | 在馆 | |
| 4 | 1117867 | 211178679 | 第二借阅区/ [索取号:K928.75/1072] | 在馆 | |
| 5 | 1117868 | 211178688 | 第二借阅区/ [索取号:K928.75/1072] | 在馆 | |
| 6 | 1155330 | 211553308 | 第二样本阅览室/ [索取号:K928.75/1072] | 在馆 | |
| 7 | 1155331 | 211553317 | 密集书库-史法系/ [索取号:K928.75/1072] | 在馆 | |
| 8 | 1155332 | 211553326 | 第二借阅区/ [索取号:K928.75/1072] | 在馆 | |
| 9 | 1155333 | 211553335 | 第二借阅区/ [索取号:K928.75/1072] | 在馆 | |
| 10 | 1155334 | 211553344 | 第二借阅区/ [索取号:K928.75/1072] | 在馆 |